000 00864cam a22002651 4500
001 sa 65004513
003 DLC
005 20260227112131.0
008 800709s1963 xx 000 0 eng
010 _asa 65004513
035 _a(OCoLC)6499618
040 _aDLC
_cNPotU
_dDLC
043 _aa-pk---
050 0 0 _aDS383
_b.M8
100 1 _aMujahid, Sharif.
245 1 0 _aPakistani nationalism
_c[by] Sharif-al-Mujahid, Munier Chowdhury [and] Hasan Zaman.
260 _a[Dacca?
_c1963?]
300 _a39 p.
_c22 cm.
500 _aCover title.
500 _a"Issued by the Director of Public Relations, Information Dept., on behalf of the Bureau of National Re-construction, East Pakistan."
651 0 _aPakistan.
700 1 _aCaudhurī, Munīra,
_d1925-1971.
700 1 _aZaman, Hasan.
710 1 _aEast Pakistan (Pakistan).
_bInformation Department.
999 _c63798
_d63798